000 00697cam a22002411 4500
001 1949
003 BD-RjUL
005 20211208233441.0
008 131210s1965 mdu 000 0 eng
035 _a(BD-RjUL)1976
035 _a(OCoLC)3013585
040 _aDLC
_cTxDaU
_dUk
_dDLC
_dBD-RjUL
_beng
041 _aeng
082 _a320.0902
_219
_bULH 1965
100 1 _aUllmann, Walter,
_d1910-
_96443
245 1 2 _aA history of political thought :
_bthe Middle Ages /
_cWalter Ullmann.
260 _aBaltimore :
_bPenguin Books,
_cc1965.
300 _a247 p. ;
_c19 cm.
650 0 _aPolitical science
_zEurope
_xHistory.
_96444
942 _2ddc
_cBK
_012
999 _c1949
_d1949